LEADER 01243nam a2200277 u 4500 001 000000064452 003 CaOOAMICUS 005 20070226121346.0 008 011119s1984 ne u000 u ger u 020 $a9051838549 035 $a10910458 040 $aPUL(R)$bita 100 1 $aSeidl, Horst.$0(OLS)http://pul/name/21091 245 10$aBeiträge zu Aristoteles' Erkenntnislehre und Metaphysik /$cHorst Seidl. 260 $aAmsterdam :$bRodopi,$c1984. 300 $a213 p. ;$c24 cm 490 1 $aElementa : Schriften zur Philosophie und ihrer Problemgeschichte ;$vBd. 35 600 04$aAristoteles,$d384-322 a.C.$tMetaphysica$9(Aristoteles, 384-322 a.C.).$0(OLS)http://pul/subject/9973 830 0$aElementa : Schriften zur Philosophie und ihrer Problemgeschichte ;$vBd. 35.$0(OLS)http://pul/title/16124 850 $aPUL 852 $aPUL$W1$xSL Filosofia 1$y2$m82 F 15$j83558$nBK-PRI$b $qStampati$B83558$CPULBib$Z2$F83558 $H $81 941 1 $a8 961 $aINV: 62661 996 $6020$a9051838549$9(OLS)http://pul/number/74083 996 $6245$aBeiträge zu Aristoteles' Erkenntnislehre und Metaphysik$9(OLS)http://pul/title/85884 996 $6260$aAmsterdam :$bRodopi$9(OLS)http://pul/publisher/53137 LEADER 01565nam a2200385 a 4500 001 000000149440 003 CaOOAMICUS 005 20160216164910.0 008 160216s2015 it u000 u ita r 020 $a978-88-10-41023-3* 032 $aLibriCat 040 $aPUL$bita 082 04$a262 100 1 $aLorusso, Giacomo.$0(OLS)http://pul/name/38981 245 00$aChiesa, ministero e ministeri nell'esperienza di Paolo /$cGiacomo Lorusso ; prefazione di Romano Penna. 260 $aBologna :$bEDB,$c©2015. 300 $a147 p. ;$c21 cm. 490 1 $aStudi biblici (EDB) ;$v72 504 $aBibliografia in nota a piè pagina. 650 4$aSacerdozio.$0(OLS)http://pul/subject/211 650 4$aMinistero ecclesiastico.$0(OLS)http://pul/subject/43033 650 04$aEcclesiologia.$0(OLS)http://pul/subject/22628 700 1 $aPenna, Romano,$d1937-$0(OLS)http://pul/name/11954 830 0$aStudi biblici (EDB) ;$v72.$0(OLS)http://pul/title/103934 850 $aPUL 852 $aPUL$W1$xSL Religione 3$y85$m262 LORGI 1$j172085$qDDC 21$B173706$CPULBib$Z2$F173706 $H127139 $81 941 1 $a9 960 $aOrdine sacro$9211 960 $aOrdine sacro$9211 983 0$aCollana Studi biblici. 996 $6020$a978-88-10-41023-3*$9(OLS)http://pul/number/159715 996 $6082$a262$9(OLS)http://pul/classification/438 996 $6245$aChiesa, ministero e ministeri nell'esperienza di Paolo$9(OLS)http://pul/title/188408 996 $6260$aBologna :$bEDB$9(OLS)http://pul/publisher/56073 LEADER 01206nam a2200289 u 4500 001 000000061616 003 CaOOAMICUS 005 20070226121037.0 008 010910s1985 it u000 u ita u 035 $a10902190 040 $aPUL(R)$bita 041 1 $aita$hpol 100 1 $aKo?akowski, Leszek,$d1927-2009.$0(OLS)http://pul/name/15441 240 10$aGlowne Nurty Marksizmu.$lItaliano.$0(OLS)http://pul/title/82261 245 13$aLa crisi :$bnascita, sviluppo, dissoluzione del Marxismo.$nVolume III /$cLeszek Kolakowski. 260 $aMilano :$bSugarCo Edizioni,$cc1985. 300 $a487 p. ;$c21 cm 500 $aInclude indice. 504 $aBibliografia in nota. 650 4$aMarxismo.$0(OLS)http://pul/subject/4889 650 4$aSocialismo$xStoria.$0(OLS)http://pul/subject/7757 850 $aPUL 852 $aPUL$W1$xDP1 Cons. Gen., Altre Classi 1$y22$m45 D 67$j80248$nBK-PRI$b $qStampati$B80248$CPULBib$Z2$F80248 $H $81 941 1 $a8 961 $aINV: 53141 996 $6245$aLa crisi :$bnascita, sviluppo, dissoluzione del Marxismo.$nVolume III$9(OLS)http://pul/title/82262 996 $6260$aMilano :$bSugarCo Edizioni$9(OLS)http://pul/publisher/65497